International Trade in Western Balkan Countries: Analysis Based on the Gravity Model (Record no. 8665)

MARC details
000 -LEADER
fixed length control field 02487nam a22003977u 4500
001 - CONTROL NUMBER
control field pwiiw4632
003 - CONTROL NUMBER IDENTIFIER
control field OSt
005 - DATE AND TIME OF LATEST TRANSACTION
control field 20260517120329.0
008 - FIXED-LENGTH DATA ELEMENTS--GENERAL INFORMATION
fixed length control field 171101t2017 au ||||| |||| 00| ||eng d
040 ## - CATALOGING SOURCE
Transcribing agency OSt
041 ## - LANGUAGE CODE
Language code of text/sound track or separate title eng
084 ## - OTHER CLASSIFICATION NUMBER
Classification number C59
-- F14
-- F15
Number source jelc
100 1# - MAIN ENTRY--PERSONAL NAME
Personal name Ninka, Eniel
245 10 - TITLE STATEMENT
Title International Trade in Western Balkan Countries: Analysis Based on the Gravity Model
260 ## - PUBLICATION, DISTRIBUTION, ETC.
Place of publication, distribution, etc. Wien :
Name of publisher, distributor, etc. Wiener Institut für Internationale Wirtschaftsvergleiche (wiiw),
Date of publication, distribution, etc. 2017.
490 1# - SERIES STATEMENT
Series statement wiiw Balkan Observatory Working Papers
Volume/sequential designation 126
520 ## - SUMMARY, ETC.
Summary, etc. Abstract<br/><br/>We adopt the gravity model to analyse the international trade relations of Western Balkan (WB) countries and of the WB region as a whole, using WIIW and World Bank data, over a period of 20 years (1995-2014).<br/><br/>Data show a tendency toward better integration of WB countries with the world economy, increased openness of their economies, persistence of their trade deficits, and, for most of them, an improvement of the coverage ratio.<br/><br/>For the region as a whole, the volume of international trade outpaced that of intra-regional trade reaching, in 2014, a difference of nearly 5 times. The main partner for the region remains the European Union, particularly Germany and Italy.<br/><br/>The gravity model of exports of the WB region shows that its exports are positively impacted by the common language and common borders with third countries, by trade with European Union, and large and highly industrialized countries, while distance and region’s level of per capita Gross Domestic Product both have a negative impact.<br/><br/>Considering the imports, the model shows that they are positively impacted by existence of common borders and language with the region, and by region’s and partner countries’ level of economic development, while the distance has again a negative impact.<br/>
650 ## - SUBJECT ADDED ENTRY--TOPICAL TERM
Topical term or geographic name entry element Western Balkans
650 ## - SUBJECT ADDED ENTRY--TOPICAL TERM
Topical term or geographic name entry element International trade relations
650 ## - SUBJECT ADDED ENTRY--TOPICAL TERM
Topical term or geographic name entry element Gravity model
650 ## - SUBJECT ADDED ENTRY--TOPICAL TERM
Topical term or geographic name entry element Economic integration
651 ## - SUBJECT ADDED ENTRY--GEOGRAPHIC NAME
Geographic name Albania
651 ## - SUBJECT ADDED ENTRY--GEOGRAPHIC NAME
Geographic name Bosnia and Herzegovina
651 ## - SUBJECT ADDED ENTRY--GEOGRAPHIC NAME
Geographic name Croatia
651 ## - SUBJECT ADDED ENTRY--GEOGRAPHIC NAME
Geographic name Kosovo
651 ## - SUBJECT ADDED ENTRY--GEOGRAPHIC NAME
Geographic name North Macedonia
651 ## - SUBJECT ADDED ENTRY--GEOGRAPHIC NAME
Geographic name Montenegro
651 ## - SUBJECT ADDED ENTRY--GEOGRAPHIC NAME
Geographic name Serbia
651 ## - SUBJECT ADDED ENTRY--GEOGRAPHIC NAME
Geographic name Western Balkans
690 ## - LOCAL SUBJECT ADDED ENTRY--TOPICAL TERM (OCLC, RLIN)
Topical term or geographic name as entry element Macroeconomic Analysis and Policy
690 ## - LOCAL SUBJECT ADDED ENTRY--TOPICAL TERM (OCLC, RLIN)
Topical term or geographic name as entry element International Trade, Competitiveness and FDI
700 1# - ADDED ENTRY--PERSONAL NAME
Personal name Pere, Engjell
830 #0 - SERIES ADDED ENTRY--UNIFORM TITLE
Volume/sequential designation 126
Bibliographic record control number WIIW0000140
Title of a work wiiw Balkan Observatory Working Papers
856 40 - ELECTRONIC LOCATION AND ACCESS
Uniform Resource Identifier <a href="https://wiiw.ac.at/p-4632.html">https://wiiw.ac.at/p-4632.html</a>
942 ## - ADDED ENTRY ELEMENTS (KOHA)
Koha item type Paper
Source of classification or shelving scheme Other/Generic Classification Scheme
Holdings
Withdrawn status Lost status Damaged status Not for loan Home library Current library Shelving location Date acquired Inventory number Total Checkouts Full call number Barcode Date last seen Price effective from Koha item type
        WIIW WIIW Library 11/01/2017 pwiiw4632   126 1000010004632 11/01/2017 02/05/2019 Paper
The Vienna Instiute for International Economic Studies (wiiw)